000 00469cam a2200145 4500500
005 20260322001040.0
041 _afre
042 _adc
100 1 0 _aDalarun, Jacques
_eauthor
245 0 0 _aDémocratie au couvent
260 _c2015.
500 _a61
786 0 _nL'Histoire - Les Collections | 67 | 2 | 2015-04-09 | p. 71-71 | 2727-6945
856 4 1 _uhttps://shs.cairn.info/magazine-hist-l-hisoire-les-collections-2015-2-page-71?lang=fr&redirect-ssocas=7080
999 _c1711502
_d1711502